00617 2200229 4500001002100000005001500021035002000036007000300056008004100059020001800100082001100118084001700129100001700146245007700163250001100240260004500251300003100296650001800327700001800345990001200363990001200375INLIS00000000000175220180315030451 a0010-0318000095ta180315 g 1 ind  a9786020321707 a808.83 a808.83 BLY l0 aBLYTON, Enid1 aLima Sekawan: Sirkus Misterius /cEnid Blyton; alih bahasa, Agus Setiadi acet.14 aJakarta :bGramedia Pustaka Utama,c2016 a191 hlm. :bilus. ;c18 cm aCERITA PENDEK0 aAGUS, Setiadi a16849 a a16849 b